000 nam a22 7a 4500
999 _c9940
_d9940
008 180208b ||||| |||| 00| 0 eng d
100 _aKidd,R.
_95999
245 _aBeauty and the Beast
260 _aNew York
_bElevier
_c1981